Statistics for Cities in Movies #5

Click here to take the quiz!

General Stats

  • This quiz has been taken 37 times
    (36 since last reset)
  • The average score is 8 of 12

Answer Stats

HintAnswer% Correct
CasinoLas Vegas
96%
Scarface (1983)Miami
88%
The DepartedBoston
85%
Dirty HarrySan Francisco
81%
CabaretBerlin
77%
FranticParis
65%
Rome
62%
Shadows (1959)New York
58%
The Third ManVienna
58%
BlowupLondon
50%
BloodsportHong Kong
31%
Blow OutPhiladelphia
23%

Score Distribution

Percentile by Number Answered

Percent of People with Each Score

Your Score History

You have not taken this quiz since the last reset